| 000 | 00420cam a2200169ua 4500 | ||
|---|---|---|---|
| 020 | _cRs.3/- | ||
| 041 |
_ahin _h |
||
| 082 |
_a891.43 _bPAR/MA |
||
| 100 | _aParikh, Narhari, . | ||
| 245 |
_aMahadevbaiki dayari / _cParikh, Narhari. _hTextual Documents |
||
| 260 |
_a : _bNavjeevan prakashan mandir , _c1950. |
||
| 300 | _a447 ; . | ||
| 365 | _aRs.3/- | ||
| 504 | _a | ||
| 942 | _cBK | ||
| 999 |
_c12178 _d12178 |
||